| 000 | 01885nem0a2200361 4500 | ||
|---|---|---|---|
| 001 | RU\NLR\BIBL_A\012097822 | ||
| 005 | 20250623205926.0 | ||
| 035 | _a(NLR Aleph) 012097822 | ||
| 090 |
_a11890941 _c11890941 |
||
| 100 | _a20190921d1847 |||y0rusy50 ca | ||
| 101 | 0 |
_arus _apol |
|
| 102 | _aRU | ||
| 120 | _abya xx|| | ||
| 123 | 1 |
_aа _b1008000 |
|
| 135 | _acrcn 024anaba | ||
| 200 | 1 |
_aДорожная карта Царства Польскаго _bКарты _dCarte routière du Royaume de Pologne _dKarta drŏżna Królestna Polskiego _fсоставлена при Управлении Генеральнаго штаба действующей армии в 1847 году _gM. Gajewski rytowat |
|
| 206 | _a[1:1 008 000, 24 версты в 1 дюйме (10 км в 1 см), граф. м-б в вёрстах] | ||
| 210 |
_a[Санкт-Петербург _cВоенно-топографическое депо _d1847?] |
||
| 215 |
_a1 к _cграв., раскраш. _d58х49 (65х53) см |
||
| 300 | _aУсл. зн. парал. рус., польск., фр.; геогр. назв. польск. | ||
| 325 | _aКопия доступна в Электрон. б-ке РНБ | ||
| 509 | 0 | 1 |
_7ca _aПольша _92633989 _3RU\NLR\auth_crt\55817 |
| 518 | 1 | _aДорожная карта Царства Польского | |
| 607 |
_aПольша _jКарты _9999703 _3RU\NLR\AUTH\6661146 |
||
| 608 |
_aКарты путей сообщения и транспорта _92301684 _3RU\NLR\AUTH\6601604446 |
||
| 608 |
_aПолитико-административные карты _91527243 _3RU\NLR\AUTH\66966105 |
||
| 852 |
_aNLR _bК _j2-БалтР 2/23 _m14713 |
||
| 942 | _cMAP | ||
| 980 | _aNB | ||
| 981 | 1 | 9 | _a(19) Картографические материалы |